Quiz o Wolsztynie - Statystyki

Ogólne statystyki
  • Ten quiz został rozwiązany 12 razy
  • Średni wynik to 6 z 10
Statystyki odpowiedzi
Wskazówka Odpowiedź % Poprawnych
Tablice rejestracyjne powiatu wolsztyńskiego PWL
100%
Jeziora pomiędzy którymi ulokowany jest Wolsztyn Jezioro {Wolsztyńskie}
89%
Lekarz, laureat Nagrody Nobla, przez 8 lat pracował w Wolsztynie jako skromny lekarz Robert Koch
78%
Nazwa hali sportowej w Wolsztynie Świtezianka
67%
Obecny burmistrz Wolsztyna Dominik Tomiak
56%
Jeziora pomiędzy którymi ulokowany jest Wolsztyn Jezioro {Berzyńskie}
56%
Organizowane w Wolsztynie święto kolejowe Parada Parowozów
56%
Rzeka przepływająca przez Wolsztyn Dojca
44%
Miejscowość do którego została przedłużona z Wolsztyna linia kolejowa numer 357 Powodowo
44%
Rok nadania praw miejskich 1424
22%
Nie znaleziono quizów pasujących do podanych kryteriów
Rozkład punktacji
Procent ludzi z każdym wynikiem
Percentyl według liczby udzielonych odpowiedzi
Twoja historia wyników
Nie rozwiązałeś tego quizu